Statistiques concernant Que veulent dire ces acronymes?

Cliquez ici pour prendre le quiz!

Statistiques générales

  • Ce quiz a été pris 103 fois
    (34 depuis la dernière actualisation)
  • Le résultat moyen est 21 sur 40

Statistiques - réponses

AcronymeDétail% Correct
EPSEducation Physique et Sportive
90%
FAQFoire Aux Questions
90%
HPIHaut Potentiel Intellectuel
90%
OVNIObjet Volant Non Identifié
90%
PSGParis Saint-Germain
90%
PIBProduit Intérieur Brut
90%
EDFElectricité de France
83%
PLSPosition Latérale de Sécurité
83%
VTTVélo Tout Terrain
83%
CDDContrat à Durée Déterminé
79%
JPPJ'en Peux Plus
79%
MDRMort De Rire
79%
ONUOrganisation des Nations Unies
79%
SDFSans Domicile Fixe
79%
USAUnited States of America
76%
AOCAppellation d'Origine Contrôlée
62%
RDCRez-de-Chaussée
55%
POVPoint of View
52%
DDHCDéclaration des Droits de l'Homme et du Citoyen
48%
EAUEmirats Arabes Unis
48%
PDGPrésident Directeur Général
48%
RIBRelevé d'Identité Bancaire
48%
SNCFSociété Nationale des Chemins de Fer Français
45%
WWWWorld Wide Web
45%
FBIFederal Bureau of Investigation
41%
HLMHabitation à Loyer Modéré
38%
IUTInstitut Universitaire de Technologie
31%
MCUMarvel Cinematic Universe
31%
RSARevenu de Solidarité Active
28%
SARLSociété A Responsabilité Limitée
24%
NASANational Aeronautics and Space Administration
21%
OSTOriginal SoundTrack
21%
SIDASyndrome d'Immuno-Déficience Acquise
21%
FPSFrames Par Seconde
17%
RERRéseau Express Régional
17%
URSSUnion des Républiques Socialistes Soviétiques
17%
INSEEInstitut National de la Statistique et des Etudes Economiques
10%
PDFPortable Document Format
10%
RTTRéduction du Temps de Travail
10%
RPGRole Playing Game
10%

Distribution des résultats

Percentile par nombre de réponses

% des personnes avec chaque résultat

Votre développement - résultats

Vous n’avez pas pris ce quiz depuis la dernière actualisation